000
00309nam a22001337a 4500
008
170712b xxu||||| |||| 00| 0 eng d
020
_a
9780312175689
041
_a
eng
080
_a
R 920.003 NIC
100
_a
26
101
_a
ENC
245
_a
ENCYCLOPEDIA OF BIOGRAPHY
_c
NICHOLLS.C.S
942
_2
udc
_c
BK
999
_c
20245
_d
20245